000 00355nam a2200145Ia 4500
008 180921t xxu||||| |||| 00| 0 eng d
041 _aeng
080 _a617
_bEDI
100 _aEdiriweera, S.A.
245 _aSome lessons from surgeon : Sushruta
300 _a23p., ill.,6s22 cm
942 _cBK
999 _c18927
_d18927
003 LK-CoDNM
040 _aLK-CoDNM
_dLK-CoDNM
_eLK-CoDNM